A new method to hydrogenate nitrile rubber in the latex form (Record no. 53439)

MARC details
000 -LEADER
fixed length control field 00455nam a2200169Ia 4500
100 ## - MAIN ENTRY--AUTHOR NAME
Personal name Singha Nikhil K
245 #2 - TITLE STATEMENT
Title A new method to hydrogenate nitrile rubber in the latex form
260 ## - PUBLICATION, DISTRIBUTION, ETC. (IMPRINT)
Name of publisher Rubber Chemistry and Technology
Year of publication 1995
300 ## - PHYSICAL DESCRIPTION
Number of Pages 281-286
650 ## - SUBJECT ADDED ENTRY--TOPICAL TERM
Topical Term Hydrogenation
650 ## - SUBJECT ADDED ENTRY--TOPICAL TERM
Topical Term Latex form
650 ## - SUBJECT ADDED ENTRY--TOPICAL TERM
Topical Term Nitrile rubber
700 ## - ADDED ENTRY--PERSONAL NAME
Personal name Sivaram S
700 ## - ADDED ENTRY--PERSONAL NAME
Personal name Talwar S S
942 ## - ADDED ENTRY ELEMENTS (KOHA)
Koha item type Journals
Holdings
Withdrawn status Lost status Damaged status Not for loan Home library Current library Shelving location Date acquired Serial Enumeration / chronology Koha item type
      Journals RRII Library RRII Library Rubber chemistry 17/10/1995 Volume 68, Issue 2 Journals